[Event "2. Bundesliga Ost 2014/2015"]
[Site "1020 Wien, Haus des Schachsports, Marathonweg 14"]
[Date "2015.03.08"]
[Round "11"]
[Board "6"]
[White "Schwab, Rene"]
[Black "Leitner, Gerald"]
[Result "1/2-1/2"]
[WhiteElo "2217"]
[BlackElo "2210"]
[PlyCount "159"]
[EventDate "2014.10.18"]
[EventType "team"]
[EventRounds "11"]
[EventCountry "AUT"]
[WhiteTeam "SC Donaustadt"]
[BlackTeam "tschaturanga"]

1. e4 c5 2. Nf3 g6 3. d4 cxd4 4. Nxd4 Bg7 5. c3 Nc6 6. Be3 Nf6 7. Nd2 O-O 8.
Be2 d5 9. Nxc6 bxc6 10. e5 Nd7 11. f4 f6 12. exf6 Nxf6 13. O-O Qc7 14. Rc1 Be6
15. Nb3 Rad8 16. Nc5 Bf5 17. g4 Bc8 18. g5 Ne4 19. Nxe4 dxe4 20. Qa4 e5 21.
Qxe4 exf4 22. Bc4+ Kh8 23. Bxf4 Qb6+ 24. Be3 Qxb2 25. Rxf8+ Rxf8 26. Rf1 Bf5
27. Bd4 Qb7 28. Qe3 a5 29. a3 h5 30. gxh6 Bxd4 31. Qxd4+ Kh7 32. Bd3 Kxh6 33.
Bxf5 Rxf5 34. Rxf5 gxf5 35. Qf6+ Kh5 36. Qxf5+ Kh4 37. Qf4+ Kh5 38. Qf5+ Kh6
39. Qe6+ Kg5 40. Qe5+ Kg4 41. Qe2+ Kf4 42. Qd2+ Kf3 43. Qf2+ Ke4 44. Qe2+ Kf4
45. Kf2 Qb6+ 46. Kg2 c5 47. Qf3+ Ke5 48. Qe3+ Kd5 49. Qd3+ Ke5 50. c4 a4 51. h4
Qb3 52. Qd5+ Kf4 53. Qd2+ Ke4 54. Qd5+ Kf4 55. Qg5+ Ke4 56. Qg4+ Ke5 57. Qg3+
Kf5 58. Qf3+ Ke5 59. Qg3+ Kf5 60. Qg5+ Ke4 61. Qg4+ Ke5 62. Qg3+ Kf5 63. Qf3+
Ke5 64. Qh5+ Kf4 65. Qxc5 Qf3+ 66. Kg1 Qd1+ 67. Kh2 Qe2+ 68. Kg1 Qd1+ 69. Kg2
Qf3+ 70. Kg1 Qd1+ 71. Kf2 Qd2+ 72. Kf1 Qd1+ 73. Kg2 Qf3+ 74. Kg1 Qd1+ 75. Kh2
Qe2+ 76. Kg1 Qd1+ 77. Kf2 Qd2+ 78. Kf1 Qd1+ 79. Kg2 Qf3+ 80. Kg1 1/2-1/2

[Event "2. Bundesliga Ost 2014/2015"]
[Site "1020 Wien, Haus des Schachsports, Marathonweg 14"]
[Date "2015.03.08"]
[Round "11"]
[Board "2"]
[White "Sharashenidze, Akaki"]
[Black "Blatny, Pavel"]
[Result "1-0"]
[WhiteElo "2304"]
[BlackElo "2414"]
[PlyCount "95"]
[EventDate "2014.10.18"]
[EventType "team"]
[EventRounds "11"]
[EventCountry "AUT"]
[WhiteTeam "SK Advisory Invest Baden"]
[BlackTeam "Zwettl"]

1. e4 b6 2. d4 Bb7 3. Nc3 e6 4. Nf3 Bb4 5. Bd3 Nf6 6. Qe2 d5 7. e5 Ne4 8. Bd2
Nxc3 9. bxc3 Be7 10. h4 h6 11. Ng1 c5 12. Qg4 Bf8 13. Nh3 Nc6 14. Nf4 cxd4 15.
cxd4 Nxd4 16. Ng6 fxg6 17. Bxg6+ Kd7 18. Qxd4 Bc5 19. Qg4 Qe7 20. O-O Kc7 21.
a4 a5 22. Kh1 Ba6 23. Bd3 g5 24. Bxa6 Rxa6 25. f4 gxh4 26. f5 exf5 27. Rxf5
Raa8 28. Raf1 Raf8 29. Qh5 Rxf5 30. Rxf5 Rf8 31. Bxh6 Rxf5 32. Qxf5 Qd7 33. Qf4
Qe6 34. Bg5 h3 35. g4 d4 36. Kh2 Qc4 37. Kxh3 Qxc2 38. Qf7+ Kc6 39. Qe6+ Kc7
40. Qf7+ Kc6 41. Bf4 Qc3+ 42. Bg3 d3 43. Qf3+ Kd7 44. Qb7+ Ke8 45. Qc8+ Kf7 46.
e6+ Kg7 47. Qc7+ Kg8 48. Be5 1-0

[Event "2. Bundesliga Ost 2014/2015"]
[Site "1020 Wien, Haus des Schachsports, Marathonweg 14"]
[Date "2015.03.08"]
[Round "11"]
[Board "4"]
[White "Zojer, Stefan"]
[Black "Stadler, Peter"]
[Result "1/2-1/2"]
[WhiteElo "2093"]
[BlackElo "2136"]
[PlyCount "35"]
[EventDate "2014.10.18"]
[EventType "team"]
[EventRounds "11"]
[EventCountry "AUT"]
[WhiteTeam "SK Advisory Invest Baden"]
[BlackTeam "Zwettl"]

1. e4 g6 2. d4 Bg7 3. Nc3 c5 4. dxc5 Bxc3+ 5. bxc3 Qa5 6. Bb2 Nc6 7. Nf3 Qxc5
8. Bd3 Nf6 9. O-O d6 10. Kh1 Bg4 11. Qc1 Qh5 12. Nd4 e5 13. Nxc6 Bf3 14. gxf3
Qxf3+ 15. Kg1 Qg4+ 16. Kh1 Qf3+ 17. Kg1 Qg4+ 18. Kh1 1/2-1/2

[Event "2. Bundesliga Ost 2014/2015"]
[Site "1020 Wien, Haus des Schachsports, Marathonweg 14"]
[Date "2015.03.08"]
[Round "11"]
[Board "6"]
[White "Varga, Johannes"]
[Black "Allram, Sebastian"]
[Result "1/2-1/2"]
[WhiteElo "1788"]
[BlackElo "2004"]
[PlyCount "32"]
[EventDate "2014.10.18"]
[EventType "team"]
[EventRounds "11"]
[EventCountry "AUT"]
[WhiteTeam "SK Advisory Invest Baden"]
[BlackTeam "Zwettl"]

1. d4 c6 2. Nf3 Nf6 3. Bf4 Qb6 4. Qc1 d5 5. e3 Bf5 6. c4 e6 7. Nc3 Nbd7 8. Be2
Be7 9. O-O Nh5 10. Bg5 Bxg5 11. Nxg5 Nhf6 12. Qd2 O-O 13. Nf3 Bg4 14. b3 Bxf3
15. Bxf3 Rfd8 16. Rfd1 Rac8 1/2-1/2

[Event "2. Bundesliga Ost 2014/2015"]
[Site "1020 Wien, Haus des Schachsports, Marathonweg 14"]
[Date "2015.03.08"]
[Round "11"]
[Board "1"]
[White "Schwarhofer, Christopher"]
[Black "Hangweyrer, Manfred"]
[Result "1/2-1/2"]
[WhiteElo "2394"]
[BlackElo "2362"]
[PlyCount "24"]
[EventDate "2014.10.18"]
[EventType "team"]
[EventRounds "11"]
[EventCountry "AUT"]
[WhiteTeam "Blackburne Nickelsdorf"]
[BlackTeam "SK Austria"]

1. e4 d5 2. exd5 Nf6 3. c4 c6 4. Nc3 cxd5 5. cxd5 Nxd5 6. Nf3 e6 7. d4 Bb4 8.
Bd2 Nc6 9. a3 Be7 10. Bc4 O-O 11. O-O Nb6 12. Bd3 e5 1/2-1/2

[Event "2. Bundesliga Ost 2014/2015"]
[Site "1020 Wien, Haus des Schachsports, Marathonweg 14"]
[Date "2015.03.08"]
[Round "11"]
[Board "2"]
[White "Theissl-Pokorna, Regina"]
[Black "Lendwai, Reinhard"]
[Result "1/2-1/2"]
[WhiteElo "2362"]
[BlackElo "2347"]
[PlyCount "101"]
[EventDate "2014.10.18"]
[EventType "team"]
[EventRounds "11"]
[EventCountry "AUT"]
[WhiteTeam "SK Austria"]
[BlackTeam "Blackburne Nickelsdorf"]

1. e4 c5 2. Nc3 d6 3. g3 Nc6 4. Bg2 g6 5. d3 Bg7 6. Be3 h5 7. h3 h4 8. g4 e5 9.
Qd2 Be6 10. Nge2 Nd4 11. f4 Bxg4 12. hxg4 h3 13. O-O-O hxg2 14. Rxh8 Bxh8 15.
Bxd4 cxd4 16. Nd5 Nf6 17. Ng1 Nxd5 18. exd5 exf4 19. Re1+ Kf8 20. Qxf4 Qa5 21.
Qxd6+ Kg8 22. Re2 Qxa2 23. Rxg2 Qa1+ 24. Kd2 Qf1 25. Qg3 Rc8 26. Nf3 Qb1 27.
Ne1 Qxb2 28. Re2 Bf6 29. Re4 Qc3+ 30. Ke2 Qc5 31. g5 Bg7 32. d6 Rd8 33. Re7
Rxd6 34. Qf3 Re6+ 35. Rxe6 fxe6 36. Qxb7 a5 37. Qa8+ Bf8 38. Qe4 Qf5 39. Qxd4
Qxg5 40. Qe4 Qf5 41. Qc4 Qe5+ 42. Kf1 Bc5 43. c3 Qd5 44. Qa6 Be7 45. d4 Qf5+
46. Ke2 Qe4+ 47. Kd1 Qb1+ 48. Ke2 Qe4+ 49. Kd1 Qb1+ 50. Ke2 Qe4+ 51. Kd1
 1/2-1/2

[Event "2. Bundesliga Ost 2014/2015"]
[Site "1020 Wien, Haus des Schachsports, Marathonweg 14"]
[Date "2015.03.08"]
[Round "11"]
[Board "3"]
[White "Pinter, Erik"]
[Black "Liedl, Wolfgang"]
[Result "1/2-1/2"]
[WhiteElo "2354"]
[BlackElo "2226"]
[PlyCount "73"]
[EventDate "2014.10.18"]
[EventType "team"]
[EventRounds "11"]
[EventCountry "AUT"]
[WhiteTeam "Blackburne Nickelsdorf"]
[BlackTeam "SK Austria"]

1. e4 e6 2. d4 d5 3. Nc3 Nf6 4. e5 Nfd7 5. f4 c5 6. Nf3 Nc6 7. Ne2 b5 8. a3 Qb6
9. c3 a5 10. dxc5 Bxc5 11. Ned4 Nxd4 12. cxd4 Be7 13. Bd3 b4 14. O-O Ba6 15.
Kh1 Bxd3 16. Qxd3 bxa3 17. bxa3 Rb8 18. Bd2 O-O 19. Rab1 Qc6 20. Bxa5 Qa4 21.
Bb4 Bxb4 22. Rxb4 Rxb4 23. axb4 Rb8 24. f5 Qxb4 25. fxe6 fxe6 26. Ng5 Nf8 27.
h4 h6 28. Nh3 Qc4 29. Qd1 Rb3 30. Nf4 Re3 31. h5 Qc3 32. Qg4 Rg3 33. Qh4 Rg5
34. Nh3 Rf5 35. Rxf5 Qa1+ 36. Kh2 exf5 37. Kg3 1/2-1/2

[Event "2. Bundesliga Ost 2014/2015"]
[Site "1020 Wien, Haus des Schachsports, Marathonweg 14"]
[Date "2015.03.08"]
[Round "11"]
[Board "4"]
[White "Higatsberger, Michael"]
[Black "Vlcek, Stanislav"]
[Result "1/2-1/2"]
[WhiteElo "2137"]
[BlackElo "2321"]
[PlyCount "63"]
[EventDate "2014.10.18"]
[EventType "team"]
[EventRounds "11"]
[EventCountry "AUT"]
[WhiteTeam "SK Austria"]
[BlackTeam "Blackburne Nickelsdorf"]

1. e4 c5 2. Nf3 d6 3. Bb5+ Bd7 4. Bxd7+ Qxd7 5. O-O Nf6 6. Qe2 Nc6 7. Rd1 e6 8.
d4 cxd4 9. Nxd4 Be7 10. c4 O-O 11. Nc3 Nxd4 12. Rxd4 Qc6 13. Bg5 Rfc8 14. Rad1
e5 15. R4d3 Qxc4 16. Bxf6 Bxf6 17. Rxd6 Qxe2 18. Nxe2 Rc2 19. R1d2 Rac8 20. g3
Bg5 21. f4 exf4 22. gxf4 Be7 23. Rd7 Rxd2 24. Rxd2 Kf8 25. Kg2 Ke8 26. Kf3 Bb4
27. Rd3 b6 28. a3 Bc5 29. b4 Be7 30. Nc3 Rc4 31. Nd5 g6 32. Rc3 1/2-1/2

[Event "2. Bundesliga Ost 2014/2015"]
[Site "1020 Wien, Haus des Schachsports, Marathonweg 14"]
[Date "2015.03.08"]
[Round "11"]
[Board "5"]
[White "Bachofner, Andreas"]
[Black "Steiner, Johann"]
[Result "1-0"]
[WhiteElo "2180"]
[BlackElo "2060"]
[PlyCount "56"]
[EventDate "2014.10.18"]
[EventType "team"]
[EventRounds "11"]
[EventCountry "AUT"]
[WhiteTeam "Blackburne Nickelsdorf"]
[BlackTeam "SK Austria"]

1. e4 d5 2. exd5 Qxd5 3. Nc3 Qd8 4. d4 Nf6 5. Nf3 Bf5 6. Bd3 Bxd3 7. Qxd3 e6 8.
Qb5+ Nbd7 9. Qxb7 Bd6 10. Nb5 O-O 11. Nxd6 cxd6 12. O-O Qa5 13. Qb3 Rab8 14.
Qd3 Rfc8 15. c3 Nb6 16. Re1 Na4 17. Nd2 Qd5 18. c4 Qa5 19. b3 Nc3 20. Re3 Nd1
21. Rh3 e5 22. Qc2 Nxf2 23. Kxf2 e4 24. Nf1 Ng4+ 25. Kg1 f5 26. Bf4 Qb6 27. Rd1
Rb7 28. Ne3 Nf6 1-0

[Event "2. Bundesliga Ost 2014/2015"]
[Site "1020 Wien, Haus des Schachsports, Marathonweg 14"]
[Date "2015.03.08"]
[Round "11"]
[Board "6"]
[White "Rogetzer, Klaus"]
[Black "Bachofner, Christian"]
[Result "1-0"]
[WhiteElo "2111"]
[BlackElo "2064"]
[PlyCount "127"]
[EventDate "2014.10.18"]
[EventType "team"]
[EventRounds "11"]
[EventCountry "AUT"]
[WhiteTeam "SK Austria"]
[BlackTeam "Blackburne Nickelsdorf"]

1. d4 d5 2. c4 c6 3. Nf3 Nf6 4. Nc3 e6 5. e3 Nbd7 6. Bd3 dxc4 7. Bxc4 b5 8. Be2
Bb7 9. O-O a6 10. a3 c5 11. dxc5 Bxc5 12. b4 Be7 13. Bb2 O-O 14. Qb3 Qb6 15.
Rfd1 Rfd8 16. Rd4 Nf8 17. Rad1 Rxd4 18. Rxd4 Rd8 19. Qd1 Ng6 20. Rxd8+ Qxd8 21.
Qxd8+ Bxd8 22. Nd2 Nh4 23. g3 Nf5 24. Nb3 Nd7 25. a4 bxa4 26. Nxa4 Be7 27. Nac5
Nxc5 28. Nxc5 Bxc5 29. bxc5 Ne7 30. Kf1 Nc6 31. Ke1 Kf8 32. Kd2 g6 33. g4 Ke7
34. g5 Kd7 35. Bc3 Nd8 36. Bd1 Bc6 37. Ba5 Nb7 38. Bb6 Ke7 39. Kc3 Nd8 40. Be2
Bb7 41. Bc7 Nc6 42. f4 Kd7 43. Bb6 Ne7 44. Kd4 Nc6+ 45. Kc4 Ne7 46. Ba5 Nc6 47.
Bc3 Ne7 48. Bd2 Nc6 49. Bd3 Bc8 50. e4 Bb7 51. Bc3 Ne7 52. Bc2 Bc6 53. Kd4 Bb5
54. Ke5 Ke8 55. Kd6 Nc6 56. f5 exf5 57. exf5 Kd8 58. Be4 Nb8 59. fxg6 fxg6 60.
c6 Kc8 61. Ba5 Be2 62. Bd5 Bg4 63. Bg8 Bf3 64. Be6+ 1-0

[Event "2. Bundesliga Ost 2014/2015"]
[Site "1020 Wien, Haus des Schachsports, Marathonweg 14"]
[Date "2015.03.08"]
[Round "11"]
[Board "1"]
[White "Weinzettl, Ernst"]
[Black "Markos, Jan"]
[Result "0-1"]
[WhiteElo "2297"]
[BlackElo "2590"]
[PlyCount "60"]
[EventDate "2014.10.18"]
[EventType "team"]
[EventRounds "11"]
[EventCountry "AUT"]
[WhiteTeam "ASVOE VHS Poechlarn"]
[BlackTeam "ASVOE Pamhagen"]

1. e4 c6 2. d4 d5 3. exd5 cxd5 4. c4 Nf6 5. Nc3 e6 6. Nf3 Be7 7. Bd3 O-O 8. O-O
dxc4 9. Bxc4 Nbd7 10. Qe2 Nb6 11. Bd3 Bd7 12. Bg5 Bc6 13. Rad1 Rc8 14. Ne5 Nbd5
15. Bb1 Nxc3 16. bxc3 Nd5 17. Bxe7 Qxe7 18. c4 Nf6 19. Rfe1 Rfd8 20. Qe3 Ba4
21. Rd2 b6 22. a3 Rd6 23. Qh3 Rcd8 24. Qh4 h6 25. Ng4 Kf8 26. Ne3 Ng8 27. Qe4
Bc6 28. Qh7 Rxd4 29. Rxd4 Rxd4 30. Qh8 f5 0-1

[Event "2. Bundesliga Ost 2014/2015"]
[Site "1020 Wien, Haus des Schachsports, Marathonweg 14"]
[Date "2015.03.08"]
[Round "11"]
[Board "2"]
[White "Smolen, Jan"]
[Black "Ganaus, Hannes"]
[Result "1-0"]
[WhiteElo "2453"]
[BlackElo "2322"]
[PlyCount "81"]
[EventDate "2014.10.18"]
[EventType "team"]
[EventRounds "11"]
[EventCountry "AUT"]
[WhiteTeam "ASVOE Pamhagen"]
[BlackTeam "ASVOE VHS Poechlarn"]

1. e4 e6 2. d4 d5 3. Nd2 Nf6 4. e5 Nfd7 5. c3 c5 6. f4 Nc6 7. Ndf3 Qb6 8. Ne2
Be7 9. a3 f6 10. h4 O-O 11. Rh3 a5 12. b3 Rb8 13. Neg1 Qc7 14. Bd3 h6 15. Bb1
b5 16. Qd3 f5 17. Ne2 c4 18. bxc4 dxc4 19. Qc2 Nb6 20. g4 Qd7 21. Ng3 b4 22.
gxf5 exf5 23. axb4 axb4 24. Qg2 Nd5 25. Nh5 Rf7 26. Rg3 Bf8 27. Rg6 Nxc3 28.
Nf6+ Rxf6 29. exf6 Nxb1 30. fxg7 Bxg7 31. Rxb1 Bb7 32. d5 Kh7 33. dxc6 Bc3+ 34.
Bd2 Qd3 35. Bxc3 Re8+ 36. Be5 Qxb1+ 37. Kf2 Qc2+ 38. Kf1 Qxg2+ 39. Rxg2 Bxc6
40. Rg7+ Kh8 41. Rc7+ 1-0

[Event "2. Bundesliga Ost 2014/2015"]
[Site "1020 Wien, Haus des Schachsports, Marathonweg 14"]
[Date "2015.03.08"]
[Round "11"]
[Board "3"]
[White "Wilke, Werner"]
[Black "Lipka, Juraj"]
[Result "0-1"]
[WhiteElo "2225"]
[BlackElo "2412"]
[PlyCount "130"]
[EventDate "2014.10.18"]
[EventType "team"]
[EventRounds "11"]
[EventCountry "AUT"]
[WhiteTeam "ASVOE VHS Poechlarn"]
[BlackTeam "ASVOE Pamhagen"]

1. e4 e6 2. d4 d5 3. Nc3 Nf6 4. Bg5 dxe4 5. Nxe4 Be7 6. Bxf6 gxf6 7. Nf3 f5 8.
Nc3 a6 9. Qd2 b5 10. O-O-O Bb7 11. Kb1 Bxf3 12. gxf3 c6 13. f4 Ra7 14. Bg2 Rd7
15. Qe3 Rd6 16. Rd3 Nd7 17. Ne2 Nb6 18. b3 Nd5 19. Bxd5 cxd5 20. Rg1 Rc6 21.
Rc3 Rxc3 22. Qxc3 Qd7 23. Qh3 Bf6 24. Qc3 Qb7 25. Rg3 b4 26. Qc5 Be7 27. Qa5
Bd8 28. Qc5 Qb5 29. Qxb5+ axb5 30. Kb2 h5 31. c3 h4 32. Rg1 bxc3+ 33. Kxc3 Be7
34. b4 Bd6 35. Kb3 Ke7 36. h3 Rc8 37. a3 Rc4 38. Rd1 Kd7 39. Rd3 Bb8 40. Rc3
Kc6 41. Kc2 Ba7 42. Kd3 Kd6 43. Rc1 Ke7 44. Rg1 Kf8 45. Rg5 f6 46. Rg1 Kf7 47.
Rc1 e5 48. Rxc4 dxc4+ 49. Kc3 Ke6 50. dxe5 fxe5 51. f3 e4 52. fxe4 fxe4 53. a4
bxa4 54. Kxc4 Kf5 55. b5 a3 56. Kb3 Bc5 57. Ka2 e3 58. Kb3 Ke4 59. Kc4 Kf3 60.
Nc1 e2 61. Nxe2 a2 62. Kxc5 a1=Q 63. Nd4+ Ke4 64. Nc6 Qg1+ 65. Kd6 Qb6 0-1

[Event "2. Bundesliga Ost 2014/2015"]
[Site "1020 Wien, Haus des Schachsports, Marathonweg 14"]
[Date "2015.03.08"]
[Round "11"]
[Board "4"]
[White "Kochetkova, Julia"]
[Black "Ernst, Michael"]
[Result "1-0"]
[WhiteElo "2327"]
[BlackElo "2134"]
[PlyCount "90"]
[EventDate "2014.10.18"]
[EventType "team"]
[EventRounds "11"]
[EventCountry "AUT"]
[WhiteTeam "ASVOE Pamhagen"]
[BlackTeam "ASVOE VHS Poechlarn"]

1. e4 e6 2. d4 d5 3. Nd2 c5 4. exd5 Qxd5 5. dxc5 Bxc5 6. Ngf3 Nf6 7. Bc4 Qd6 8.
Qe2 Nc6 9. O-O O-O 10. Nb3 Bb6 11. Bg5 Re8 12. Rad1 Qe7 13. Nbd2 Qf8 14. c3 Bd8
15. Ne4 Be7 16. Bd3 Nxe4 17. Bxe4 Rd8 18. Rxd8 Qxd8 19. Rd1 Qe8 20. Bxc6 bxc6
21. Bxe7 Qxe7 22. Ne5 Qc7 23. Nxc6 Bb7 24. Ne5 Rd8 25. h3 g6 26. Rxd8+ Qxd8 27.
Qb5 Qc7 28. c4 a6 29. Qe8+ Kg7 30. Nd7 Qc8 31. Qxc8 Bxc8 32. Nc5 Kf6 33. f4 Kf5
34. b4 Kxf4 35. b5 axb5 36. cxb5 Ke3 37. b6 e5 38. a4 Kd4 39. b7 Bxb7 40. Nxb7
e4 41. a5 Kd5 42. a6 Kc6 43. Nd6 Kb6 44. Nc4+ Kxa6 45. Ne5 Kb5 1-0

[Event "2. Bundesliga Ost 2014/2015"]
[Site "1020 Wien, Haus des Schachsports, Marathonweg 14"]
[Date "2015.03.08"]
[Round "11"]
[Board "5"]
[White "Gratze, Michael"]
[Black "Jacko, Vladimir"]
[Result "0-1"]
[WhiteElo "2017"]
[BlackElo "2269"]
[PlyCount "58"]
[EventDate "2014.10.18"]
[EventType "team"]
[EventRounds "11"]
[EventCountry "AUT"]
[WhiteTeam "ASVOE VHS Poechlarn"]
[BlackTeam "ASVOE Pamhagen"]

1. e4 c5 2. Nf3 g6 3. d4 cxd4 4. Qxd4 Nf6 5. e5 Nc6 6. Qa4 Nd5 7. Qe4 Nc7 8.
Bd2 Bg7 9. Bc3 Ne6 10. Bc4 Qc7 11. O-O O-O 12. Re1 Rb8 13. a4 b6 14. Nbd2 a6
15. b4 a5 16. b5 Ncd8 17. Bb2 Bb7 18. Qh4 Rc8 19. Bd3 Nc5 20. Ne4 Nxe4 21. Bxe4
Bxe4 22. Ng5 h5 23. Nxe4 Re8 24. Nf6+ exf6 25. exf6 Rxe1+ 26. Rxe1 Bf8 27. Re8
Ne6 28. Rxc8 Qxc8 29. c4 Qc5 0-1

[Event "2. Bundesliga Ost 2014/2015"]
[Site "1020 Wien, Haus des Schachsports, Marathonweg 14"]
[Date "2015.03.08"]
[Round "11"]
[Board "6"]
[White "Alvir, Aco"]
[Black "Gattermayer, Robert"]
[Result "1-0"]
[WhiteElo "2343"]
[BlackElo "2013"]
[PlyCount "113"]
[EventDate "2014.10.18"]
[EventType "team"]
[EventRounds "11"]
[EventCountry "AUT"]
[WhiteTeam "ASVOE Pamhagen"]
[BlackTeam "ASVOE VHS Poechlarn"]

1. e4 g6 2. d4 Bg7 3. Nc3 d6 4. f4 Nf6 5. Nf3 O-O 6. Bd3 c6 7. O-O Nbd7 8. e5
dxe5 9. fxe5 Nd5 10. Nxd5 cxd5 11. c3 Qb6 12. Qb3 Rd8 13. Ng5 Qxb3 14. axb3 Rf8
15. e6 fxe6 16. Nxe6 Rxf1+ 17. Bxf1 a6 18. Nc7 Rb8 19. Nxd5 e5 20. Ne7+ Kf8 21.
Nxc8 Rxc8 22. dxe5 Nxe5 23. Bg5 h6 24. Be3 Ng4 25. Ba7 Be5 26. h3 Nf6 27. Be2
Rd8 28. Bf3 Rd7 29. Re1 Bf4 30. Bd4 Kf7 31. Rf1 Rxd4 32. cxd4 Be3+ 33. Kh1 Bxd4
34. Bxb7 a5 35. Ra1 Bb6 36. Ra4 Ke7 37. b4 axb4 38. Rxb4 Bc5 39. Ra4 Kd6 40. g3
Kc7 41. Bf3 Kb6 42. Kg2 Kb5 43. Rf4 Nd7 44. Be2+ Kc6 45. Bd3 g5 46. Rf7 Ne5 47.
Be4+ Kb5 48. Rh7 Bf8 49. Rh8 Bg7 50. Rg8 Bf6 51. Rf8 Bg7 52. Rb8+ Kc5 53. b4+
Kd4 54. Bf3 Ke3 55. Bh5 Kd4 56. Rc8 Kd5 57. b5 1-0